Statistics for Biggest Western Slope Cities on a Map

Click here to take the quiz!

General Stats

  • This quiz has been taken 12 times
  • The average score is 7 of 10

Answers on the Map

Answers color-coded by a green-red scale on the quiz's map according to % correct below.
 

Answer Stats

PopulationCity% Correct
65,560Grand Junction
100%
9,963Glenwood Springs
88%
13,224Steamboat Springs
88%
8,766Cortez
75%
19,071Durango
75%
13,395Fruita
63%
20,291Montrose
63%
10,437Rifle
63%
9,060Craig
50%
9,035Delta
38%

Score Distribution

Percentile by Number Answered

Percent of People with Each Score

Your Score History

You have not taken this quiz